Nueva guía de la asamblea cristiana / (Record no. 187781)
[ view plain ]
| 000 -LEADER | |
|---|---|
| campo de control de longitud fija | 01343nam a2200241 i 4500 |
| 001 - NÚMERO DE CONTROL | |
| campo de control | 187781 |
| 003 - IDENTIFICADOR DE NÚMERO DE CONTROL | |
| campo de control | ES-MaACL |
| 005 - FECHA Y HORA DE LA ÚLTIMA TRANSACCIÓN | |
| campo de control | 20230906223028.0 |
| 008 - DATOS DE LONGITUD FIJA--INFORMACIÓN GENERAL | |
| campo de control de longitud fija | 180221m19691970sp |||| | spa d |
| 100 1# - ENTRADA PRINCIPAL--NOMBRE DE PERSONA | |
| Nombre de persona | Maertens, Thierry. |
| 9 (RLIN) | 184379 |
| 245 10 - MENCIÓN DEL TÍTULO | |
| Título | Nueva guía de la asamblea cristiana / |
| Mención de responsabilidad, etc. | Thierry Maertens y Jean Frisque ; [traducción de Florentino Pérez]. |
| 260 ## - PUBLICACIÓN, DISTRIBUCIÓN, ETC. | |
| Lugar de publicación, distribución, etc. | Madrid : |
| Nombre del editor, distribuidor, etc. | Marova, |
| Fecha de publicación, distribución, etc. | 1969-1970. |
| 300 ## - DESCRIPCIÓN FÍSICA | |
| Extensión | 8 v. ; |
| Dimensiones | 21 cm. |
| 490 1# - MENCIÓN DE SERIE | |
| Mención de serie | Christus Pastor |
| 505 8# - NOTA DE CONTENIDO CON FORMATO | |
| Nota de contenido con formato | I. Primer domingo de Adviento al primer domingo de Epifanía (329 p.) - II. Primera a octava semanas y segundo a octavo domingos. Tiempo "per anuum" (373 p.) - III. Semana de Ceniza a Domingo de Pascua (327 p.) - IV. Tiempo Pascual, Trinidad, Corpus Christi, Sagrado Corazón (357 p.) - V. 9º a 21º domingo después de Pentecostés (327 p.) - VI. 9ª a 21ª primera semana tiempo "per annum" (325 p.) - VII. Vigésimo segundo al trigésimo cuarto domingo después de Pentecostés (321 p.) - VIII. Vigésimo segunda a trigésimocuarta y última semana. Tiempo "per annum" (297 p.) |
| 650 04 - PUNTO DE ACCESO ADICIONAL DE MATERIA--TÉRMINO DE MATERIA | |
| Término de materia o nombre geográfico como elemento de entrada | Sermones para el año litúrgico. |
| 9 (RLIN) | 17056 |
| 650 04 - PUNTO DE ACCESO ADICIONAL DE MATERIA--TÉRMINO DE MATERIA | |
| Término de materia o nombre geográfico como elemento de entrada | Año litúrgico. |
| 9 (RLIN) | 9903 |
| 700 1# - ENTRADA AGREGADA--NOMBRE PERSONAL | |
| Nombre de persona | Pérez, Florentino. |
| 9 (RLIN) | 90573 |
| 700 1# - ENTRADA AGREGADA--NOMBRE PERSONAL | |
| Nombre de persona | Frisque, Jean. |
| 9 (RLIN) | 52687 |
| 830 0# - PUNTO DE ACCESO ADICIONAL DE SERIE-TÍTULO UNIFORME | |
| Título uniforme | Christus Pastor |
| 9 (RLIN) | 182711 |
| 852 ## - LOCALIZACIÓN | |
| Ubicación | ES-MaACL |
| Número de control de estantería | C-55248-55 |
| Estatus retirado | Estado de pérdida | Estado de daño | No para préstamo | Biblioteca de origen | Biblioteca actual | Ubicación en estantería | Fecha de adquisición | Fuente de adquisición | Total de préstamos | Signatura topográfica completa | Código de barras | Visto por última vez | Precio de reemplazo | Tipo de ítem Koha |
|---|---|---|---|---|---|---|---|---|---|---|---|---|---|---|
| Biblioteca del Ateneo de Madrid | Biblioteca del Ateneo de Madrid | Depósito 2 | 21/02/2018 | C-55248-55 | 1198394 | 23/02/2023 | 23/02/2023 | Libro impreso |
